| 000 | 00833cam a22002897a 4500 | ||
|---|---|---|---|
| 003 | CHAP | ||
| 005 | 20220329132914.0 | ||
| 008 | 971010s1985 r 00010 d | ||
| 010 | _a128 | ||
| 011 | _a1100 | ||
| 035 | _a276 | ||
| 040 | _cCHAP | ||
| 082 |
_a633.74 _bW6 1985 |
||
| 100 | 0 | 0 |
_aWood, G. A. R. _9122514 |
| 245 | 0 | _aCocoa | |
| 250 | _a4 ed. | ||
| 260 |
_aLondon : _bLogman, _c1985 |
||
| 300 |
_a620 p. _b: ilus. ; gráfs. |
||
| 590 |
_aBATCH-UPD _b10 _c20130110 _lUCH01 _h1051 |
||
| 590 |
_aCONVERSION _b10 _c20130109 _lUCH01 _h1302 |
||
| 650 | 1 | 4 |
_aCacao. _916918 |
| 700 | 0 |
_aLass, R. A. _965033 |
|
| 901 | _aBK | ||
| 942 | _cLIBRO | ||
| 949 |
_a633.74 W6 1985 _bBC _cLIBRO _d33724000200705 _eLIBRO _fc.2 _h79304 _i276 _si _t166.40 |
||
| 949 |
_a633.74 W6 1985 _bBC _cLIBRO _d33724000201000 _eLIBRO _gI.147701 _h76246 _i276 _si _t166.40 |
||
| 999 |
_c128 _d128 |
||